La economía colombiana en la década del 70 / (Registro nro. 5639)

Detalles MARC
000 -LEADER
fixed length control field 01023nam a2200253Ia 4500
003 - CONTROL NUMBER IDENTIFIER
control field OSt
005 - DATE AND TIME OF LATEST TRANSACTION
control field 20200709134833.0
008 - FIXED-LENGTH DATA ELEMENTS--GENERAL INFORMATION
fixed length control field 191128s1986 ck gr 000 0 spa d
020 ## - INTERNATIONAL STANDARD BOOK NUMBER
International Standard Book Number 8489218021
040 ## - CATALOGING SOURCE
Original cataloging agency CO-JMCR
Transcribing agency CO-JMCR
041 0# - LANGUAGE CODE
Language code of text/sound track or separate title spa
082 04 - DEWEY DECIMAL CLASSIFICATION NUMBER
Classification number 330.986 /
Item number B423e
Edition number 23
100 1# - MAIN ENTRY--PERSONAL NAME
Personal name Bejarano, Jesús Antonio,
Relator term autor
9 (RLIN) 2305
245 13 - TITLE STATEMENT
Title La economía colombiana en la década del 70 /
Statement of responsibility, etc. Jesús Antonio Bejarano
250 ## - EDITION STATEMENT
Edition statement Segunda edición
260 ## - PUBLICATION, DISTRIBUTION, ETC.
Place of publication, distribution, etc. Bogotá :
Name of publisher, distributor, etc. Fondo editorial Cerec,
Date of publication, distribution, etc. 1986.
300 ## - PHYSICAL DESCRIPTION
Extent 161 páginas ;
Dimensions 18 cm.
490 0# - SERIES STATEMENT
Series statement Textos :
Volume/sequential designation 2
505 0# - FORMATTED CONTENTS NOTE
Formatted contents note La intervención del Estado en la economía colombiana: anotaciones para un marco de referencia -- Los modulos de apertura y el caso colombiano -- La crisis industrial y sus alternativas -- Colombia: crecimiento, distribución y gasto público
650 14 - SUBJECT ADDED ENTRY--TOPICAL TERM
Topical term or geographic name entry element Desarrollo económico
Geographic subdivision Colombia
9 (RLIN) 6913
650 24 - SUBJECT ADDED ENTRY--TOPICAL TERM
Topical term or geographic name entry element Condiciones económicas
Geographic subdivision Colombia
9 (RLIN) 6839
650 24 - SUBJECT ADDED ENTRY--TOPICAL TERM
Topical term or geographic name entry element Historia económica
Geographic subdivision Colombia
9 (RLIN) 6882
942 ## - ADDED ENTRY ELEMENTS (KOHA)
Source of classification or shelving scheme Dewey Decimal Classification
Koha item type Books
Existencias
Withdrawn status Lost status Source of classification or shelving scheme Materials specified (bound volume or other part) Damaged status Not for loan Home library Current library Shelving location Date acquired Source of acquisition Full call number Barcode Date last seen Copy number Price effective from Koha item type
    Dewey Decimal Classification Donación--15/04/2018--     Biblioteca Pública José María del Castillo y Rada Biblioteca Pública José María del Castillo y Rada General Stacks 11/28/2019 Donación 330.986 / B423e 430003886 05/16/2024 Ej.1 11/28/2019 Books